000 00709nam a22002297a 4500
005 20180811153324.0
008 120606t xxu||||| |||| 00| 0 eng d
010 _aENG-105435
020 _a9788120345805
_c375.00
035 _aEN-88968, B-127323,B-127329
037 _bDBAD/PUB
040 _aDPL
_bEng
082 _a621.38275
100 _aGupta, S.C.
_948471
245 _aTextbook on optical fiber communication and its applications /
_cby S.C. Gupta
250 _a2nd ed
260 _aNew Delhi
_bPHI Learning
_c2012
270 _aM-97, Connaught Circus
_bNew Delhi
_e110001
300 _axiii,518p.
_c24cm(pbk)
500 _aIncludes index
942 _2ddc
_cEN
_h621.38275
_mGUP
999 _c67533
_d67533